Catálogo público

Topografía (Record no. 66593)

MARC details
000 -CABECERA
campo de control de longitud fija 01284cam a22003617a 4500
003 - IDENTIFICADOR DEL NÚMERO DE CONTROL
campo de control CHAP
005 - FECHA Y HORA DE LA ÚLTIMA TRANSACCIÓN
campo de control 20220329141332.0
008 - DATOS DE LONGITUD FIJA--INFORMACIÓN GENERAL
campo de control de longitud fija 971013s1981 r 00010 d
010 ## - NÚMERO DE CONTROL DE LA BIBLIOTECA DEL CONGRESO
Número de control de LC 66593
011 ## - ENLACE DEL NUMERO DE CONTROL DE LA BIBLIOTECA DEL CONGRESO [OBSOLETO]
Número de control de LC 67565
035 ## - NÚMERO DE CONTROL DEL SISTEMA
Número de control de sistema 77035
040 ## - FUENTE DE LA CATALOGACIÓN
Centro/agencia transcriptor CHAP
082 ## - NÚMERO DE LA CLASIFICACIÓN DECIMAL DEWEY
Número de clasificación 526.9
Número de documento/Ítem V3
100 00 - ENTRADA PRINCIPAL--NOMBRE DE PERSONA
Nombre de persona Valdés Domenech, Francisco.
9 (RLIN) 117343
245 #0 - MENCIÓN DE TÍTULO
Título Topografía
260 ## - PUBLICACIÓN, DISTRIBUCIÓN, ETC.
Lugar de publicación, distribución, etc. Barcelona :
Nombre del editor, distribuidor, etc. Ed. CEAC,
Fecha de publicación, distribución, etc. 1981
300 ## - DESCRIPCIÓN FÍSICA
Extensión 352 p.
490 #0 - MENCIÓN DE SERIE
Mención de serie Biblioteca CEAC del topográfico
500 ## - NOTA GENERAL
Nota general 28-208
590 ## - NOTA LOCAL (RLIN)
Nota local BATCH-UPD
Procedencia (VM) [OBSOLETO] 10
Condición del los carretes individuales (VM) [OBSOLETO] 20130110
-- UCH01
-- 0759
590 ## - NOTA LOCAL (RLIN)
Nota local BATCH-UPD
Procedencia (VM) [OBSOLETO] 10
Condición del los carretes individuales (VM) [OBSOLETO] 20130410
-- UCH01
-- 0438
590 ## - NOTA LOCAL (RLIN)
Nota local BATCH-UPD
Procedencia (VM) [OBSOLETO] 10
Condición del los carretes individuales (VM) [OBSOLETO] 20130914
-- UCH01
-- 0617
590 ## - NOTA LOCAL (RLIN)
Nota local CONVERSION
Procedencia (VM) [OBSOLETO] 10
Condición del los carretes individuales (VM) [OBSOLETO] 20130109
-- UCH01
-- 1337
650 14 - PUNTO DE ACCESO ADICIONAL DE MATERIA--TÉRMINO DE MATERIA
Término de materia o nombre geográfico como elemento de entrada Topografía.
9 (RLIN) 113907
830 0# - PUNTO DE ACCESO ADICIONAL DE SERIE-TÍTULO UNIFORME
Título uniforme Biblioteca CEAC del topográfico
9 (RLIN) 12256
901 ## - ELEMENTOS DE DATOS A LOCAL LDA (RLIN)
a BK
942 ## - ELEMENTOS DE PUNTO DE ACCESO ADICIONAL (KOHA)
Tipo de ítem Koha Libro
949 ## - PROCESAMIENTO DE INFORMACIÓN LOCAL (OCLC)
a 526.9 V3
b BC
c LIBRO
d 33724000403697
e LIBRO
g I.143077
h 74257
i 77035
s i
t 66.14
949 ## - PROCESAMIENTO DE INFORMACIÓN LOCAL (OCLC)
a 526.9 V3
b BC
c LIBRO
d 33724000828380
e LIBRO
f c.3
h 76395
i 77035
s i
t 66.14
949 ## - PROCESAMIENTO DE INFORMACIÓN LOCAL (OCLC)
a 526.9 V3
b BC
c LIBRO
d 33724000900940
e LIBRO
f c.5
h 98765
i 77035
k DonaciØn
s i
949 ## - PROCESAMIENTO DE INFORMACIÓN LOCAL (OCLC)
a 526.9 V3
b BC
c LIBRO
d 33724000906335
e LIBRO
f c.4
h 76532
i 77035
s i
t 66.14
949 ## - PROCESAMIENTO DE INFORMACIÓN LOCAL (OCLC)
a 526.9 V3
b BC
c LIBRO
d 33724000935763
e LIBRO
f c.2
h 76394
i 77035
s i
t 66.14
Holdings
Estado de retiro Estado de pérdida Fuente del sistema de clasificación o colocación Estado dañado Restricciones de uso No para préstamo Código de colección Localización permanente Ubicación/localización actual Ubicación en estantería Fecha de adquisición Fuente de adquisición Información codificada de la localización en otra ubicación Total de préstamos Signatura topográfica completa Código de barras Fecha visto por última vez Número de copia Precio válido a partir de Tipo de ítem Koha
    Dewey Decimal Classification   Préstamo 15 días   General Biblioteca Central Biblioteca Central Planta alta - Colección General 31/12/2019 I.143077 LIBRO   526.9 V3 33724000828380 31/12/2019 c.3 31/12/2019 Libro
    Dewey Decimal Classification   Préstamo 15 días   General Biblioteca Central Biblioteca Central Planta alta - Colección General 31/12/2019   LIBRO   526.9 V3 33724000900940 31/12/2019 c.5 31/12/2019 Libro
    Dewey Decimal Classification   Préstamo 15 días   General Biblioteca Central Biblioteca Central Planta alta - Colección General 31/12/2019   LIBRO   526.9 V3 33724000906335 31/12/2019 c.4 31/12/2019 Libro
    Dewey Decimal Classification   Préstamo 15 días   General Biblioteca Central Biblioteca Central Planta alta - Colección General 31/12/2019   LIBRO   526.9 V3 33724000935763 31/12/2019 c.2 31/12/2019 Libro
    Dewey Decimal Classification   Préstamo 15 días   General Biblioteca Central Biblioteca Central Planta alta - Colección General 31/12/2019   LIBRO   526.9 V3 33724000403697 31/12/2019   31/12/2019 Libro